Discovering Cylinders / (Record no. 169803)

MARC details
000 -LEADER
fixed length control field 00980nam a22003257i 4500
003 - CONTROL NUMBER IDENTIFIER
control field PPAK
005 - DATE AND TIME OF LATEST TRANSACTION
control field 20181010095944.0
007 - PHYSICAL DESCRIPTION FIXED FIELD--GENERAL INFORMATION
fixed length control field ta
008 - FIXED-LENGTH DATA ELEMENTS--GENERAL INFORMATION
fixed length control field 181010t2017 my ao||j |||| 001 0 may d
020 ## - INTERNATIONAL STANDARD BOOK NUMBER
International Standard Book Number 9781489649805
Terms of availability RM113.95
Qualifying information hardback
040 ## - CATALOGING SOURCE
Original cataloging agency PPAK
Language of cataloging eng
Transcribing agency PPAK
Description conventions rda
082 04 - DEWEY DECIMAL CLASSIFICATION NUMBER
Edition number 23
Classification number 516.156
090 00 - LOCALLY ASSIGNED LC-TYPE CALL NUMBER (OCLC); LOCAL CALL NUMBER (RLIN)
Classification number (OCLC) (R) ; Classification number, CALL (RLIN) (NR) 516.156
Feature heading FUR
Feature heading RK
100 1# - MAIN ENTRY--PERSONAL NAME
Personal name Furstinger, Nancy,
Relator term author.
245 10 - TITLE STATEMENT
Title Discovering Cylinders /
Statement of responsibility, etc. Nancy Furstinger and John Willis
264 #1 - PRODUCTION, PUBLICATION, DISTRIBUTION, MANUFACTURE, AND COPYRIGHT NOTICE
Place of production, publication, distribution, manufacture New York, NY :
Name of producer, publisher, distributor, manufacturer AV2 by Weigl,
Date of production, publication, distribution, manufacture, or copyright notice [2016?]
Date of production, publication, distribution, manufacture, or copyright notice © 2017
300 ## - PHYSICAL DESCRIPTION
Extent 24 pages :
Other physical details colour photographs ;
Dimensions 26 cm
336 ## - CONTENT TYPE
Source rdacontent
Content type term text
337 ## - MEDIA TYPE
Source rdamedia
Media type term unmediated
338 ## - CARRIER TYPE
Source rdacarrier
Carrier type term volume
490 1# - SERIES STATEMENT
Series statement 3D Objects
500 ## - GENERAL NOTE
General note Includes index
650 10 - SUBJECT ADDED ENTRY--TOPICAL TERM
Topical term or geographic name entry element Cylinder (Mathematics)
Form subdivision Juvenile literature
Topical term or geographic name entry element Geometry, Solid
Form subdivision Juvenile literature
Topical term or geographic name entry element Cylinder (Mathematics)
700 1# - ADDED ENTRY--PERSONAL NAME
Personal name Willis, John,
Relator term author.
830 ## - SERIES ADDED ENTRY--UNIFORM TITLE
Uniform title 3D objects
942 ## - ADDED ENTRY ELEMENTS (KOHA)
Source of classification or shelving scheme Dewey Decimal Classification
Koha item type Book
Holdings
Withdrawn Not for loan Current library Shelving location Date acquired Full call number Barcode Date last seen Koha item type
  Not For Loan Perpustakaan Alor Setar Rujukan Kanak-kanak 18/10/2018 RK 516.156 FUR A01582314 18/10/2018 Book
  Not For Loan Perpustakaan Awam Sungai Petani Rujukan Kanak-kanak 18/10/2018 RK 516.156 FUR A01582315 18/10/2018 Book